| 000 | 00456nam a2200169 a 4500 | ||
|---|---|---|---|
| 005 | 20140310183436.0 | ||
| 008 | 080304s19uu xx 00 eng d | ||
| 020 | _a0-671-04258-0 | ||
| 050 |
_aPZ 7 _b.B734 1999 |
||
| 100 | _aBoris, Cynthia | ||
| 245 |
_aBuffy the vampire slayer : _bpop quiz. / _cCynthia Boris |
||
| 260 |
_aNew York : _bPocket Pulse, _c1999. |
||
| 300 |
_a160 p. : _c17 cm. |
||
| 650 | _aFiction. | ||
| 942 |
_cBK _2lcc |
||
| 999 |
_c22923 _d22923 |
||